|
|
|
|
| LEADER |
01268nam a2200349 a 4500 |
| 001 |
EBC863032 |
| 003 |
MiAaPQ |
| 005 |
20200520144314.0 |
| 006 |
m o d | |
| 007 |
cr cn||||||||| |
| 008 |
120221s2012 sz ad sbs 000 0 eng d |
| 020 |
|
|
|z 9789221249245
|
| 020 |
|
|
|a 9789221249252 (electronic bk.)
|
| 035 |
|
|
|a (MiAaPQ)EBC863032
|
| 035 |
|
|
|a (Au-PeEL)EBL863032
|
| 035 |
|
|
|a (CaPaEBR)ebr10530986
|
| 035 |
|
|
|a (OCoLC)778340042
|
| 040 |
|
|
|a MiAaPQ
|c MiAaPQ
|d MiAaPQ
|
| 050 |
|
4 |
|a HD5706
|b .G56 2012
|
| 245 |
0 |
0 |
|a Global employment trends 2012
|h [electronic resource] :
|b preventing a deeper jobs crisis.
|
| 260 |
|
|
|a Geneva :
|b International Labour Office,
|c 2012.
|
| 300 |
|
|
|a 120 p. :
|b ill. (some col.)
|
| 504 |
|
|
|a Includes bibliographical references.
|
| 533 |
|
|
|a Electronic reproduction. Ann Arbor, MI : ProQuest, 2015. Available via World Wide Web. Access may be limited to ProQuest affiliated libraries.
|
| 650 |
|
0 |
|a Labor market
|v Statistics.
|
| 650 |
|
0 |
|a Labor supply.
|
| 650 |
|
0 |
|a Unemployment.
|
| 650 |
|
0 |
|a Globalization.
|
| 655 |
|
4 |
|a Electronic books.
|
| 710 |
2 |
|
|a International Labour Office.
|
| 710 |
2 |
|
|a ProQuest (Firm)
|
| 856 |
4 |
0 |
|u https://ebookcentral.proquest.com/lib/matrademy/detail.action?docID=863032
|z Click to View
|